| 000 | 00623nam a2200181Ia 4500 | ||
|---|---|---|---|
| 008 | 151018s9999 xx 000 0 und d | ||
| 082 |
_bRBASDV50739 _a891.434 |
||
| 100 | _aकृष्णकुमार चुग | ||
| 245 | _aमेरा पहेला शतक | ||
| 250 | _b1 | ||
| 260 |
_bकृष्णा प्रकाशन पुणे _c2009 |
||
| 300 | _a144 | ||
| 600 | _aकृष्णकुमार चुग | ||
| 630 | _aमेरा पहेला शतक | ||
| 700 | _aकृष्णकुमार चुग | ||
| 730 | _aमेरा पहेला शतक | ||
| 942 | _cBOOK | ||
| 999 |
_c1049695 _d1049692 |
||